Derecho internacional público: problemas actuales
Uloženo v:
| Hlavní autor: | |
|---|---|
| Médium: | Kniha |
| Jazyk: | španělština |
| Vydáno: |
Madrid
Beramar
1993
|
| Témata: | |
| Tagy: |
Přidat tag
Žádné tagy, Buďte první, kdo vytvoří štítek k tomuto záznamu!
|
MARC
| LEADER | 00000nam a2200000 a 4500 | ||
|---|---|---|---|
| 001 | UCP4780 | ||
| 003 | CL-VaPUC | ||
| 008 | 990813e19930000SP |||||||||||||||||spa|d | ||
| 082 | 0 | 4 | |a 341 |b SAN |2 21 |
| 100 | 0 | |a Sánchez Rodríguez, Luis Ignacio |e author |9 432667 | |
| 245 | 1 | 0 | |a Derecho internacional público: problemas actuales |
| 300 | |a 340 p | ||
| 942 | |c BK | ||
| 945 | |d 19990813 00:00:00 |a vberengu | ||
| 260 | |a Madrid |b Beramar |c 1993 | ||
| 650 | 0 | |a DERECHO COMUNITARIO |9 381957 | |
| 650 | 0 | |a Derecho internacional |9 255637 | |
| 650 | 7 | |a DERECHO INTERNACIONAL PUBLICO |2 CL-VaPUC |9 432668 | |
| 650 | 0 | |a Fronteras internacionales |9 432669 | |
| 650 | 7 | |a JURISDICCION INTERNACIONAL |2 CL-VaPUC |9 432670 | |
| 650 | 0 | |a Tratados internacionales |9 256056 | |
| 651 | 0 | |a España |9 254926 | |
| 583 | |a last modification |c 19990813 00:00:00 |k Rodrigo Vera | ||
| 999 | |c 282678 |d 282676 | ||
| 952 | |0 0 |1 0 |4 0 |6 341_000000000000000_SAN_1993 |7 0 |8 A |9 324754 |a BIBDER |b BIBDER |d 2019-11-20 |i 3536149 |l 1 |m 3 |o 341 SAN 1993 |p 3536149 |q 2025-12-31 |r 2020-03-13 |s 2020-03-13 |w 2019-11-20 |y BK |k DER | ||